000 00395nam a2200181Ia 4500
005 20250603144936.0
008 250603s9999 xx 000 0 und d
020 _a9781292946
050 _aKP 116 .N6/
100 _aNwogugu, E. I.
245 0 _aFamily law in Nigeria
260 _aIbadan
260 _bHEBN Pub.
260 _c1990
300 _a41 p
650 _aIbadan
942 _cBK
999 _c40406
_d40406